Design and development of an automatic frequency planning tool for cellular networks (Record no. 10038)

000 -LEADER
fixed length control field 00652 a2200145 4500
082 ## - DEWEY DECIMAL CLASSIFICATION NUMBER
Classification number -
100 ## - MAIN ENTRY--PERSONAL NAME
Personal name Waleed Bin Shahid
9 (RLIN) 92981
245 ## - TITLE STATEMENT
Title Design and development of an automatic frequency planning tool for cellular networks
Statement of responsibility, etc. Waleed Bin Shahid, Masab Javes Abbasi & Muhammad Umair
260 ## - PUBLICATION, DISTRIBUTION, ETC.
Place of publication, distribution, etc. Islamabad :
Name of publisher, distributor, etc. NUST School of Electrical Engineering & Computer Science,
Date of publication, distribution, etc. 2009.
300 ## - PHYSICAL DESCRIPTION
Extent x, 83 p. :
Other physical details ill. ;
Dimensions 27 cm +
Accompanying material CD-ROM
500 ## - GENERAL NOTE
General note Supervisors : Ms. Madeeha Owais, Mr. Altamash Ahmad.
700 ## - ADDED ENTRY--PERSONAL NAME
Personal name Masab Javes Abbasi & Muhammad Umair
9 (RLIN) 92982
856 ## - ELECTRONIC LOCATION AND ACCESS
Uniform Resource Identifier <a href=" http://10.250.8.41:8080/xmlui/handle/123456789/13093"> http://10.250.8.41:8080/xmlui/handle/123456789/13093</a>
942 ## - ADDED ENTRY ELEMENTS (KOHA)
Koha item type Project Report
Call number prefix BICSE-3 WAL
Source of classification or shelving scheme
Holdings
Withdrawn status Lost status Damaged status Not for loan Permanent Location Current Location Date acquired Full call number Barcode Date last seen Price effective from Koha item type
WITHDRAWN       Central Library (CL) Central Library (CL) 07/04/2022 BICSE-3 WAL SEECSP00803 11/14/2012 11/14/2012 Project Report
© 2023 Central Library, National University of Sciences and Technology. All Rights Reserved.